Cosmologia generalis, methodo scientifica pertractata : qua ad solidam, inprimis Dei atque naturæ cognitionem via sternitur /

Bibliographic Details
Main Author: Wolff, Christian, Freiherr von, 1679-1754
Format: Microform Book
Language:Latin
Published: Veronæ : Apud haeredes Marci Moroni, 1779.
Edition:Editio novissima emendatior.
Series:Landmarks II Monographs.
Subjects:

MARC

Tag First Indicator Second Indicator Subfields
LEADER 00000cam a2200000 a 4500
001 in00001237984
005 20151003061207.0
007 he bm||||b|c|
008 930421s1779 xx a b 001 0 lat d
035 |a (OCoLC)27958933 
035 |9 AGS3789AM 
040 |a UGT  |c UGT  |d TXA  |d UtOrBLW 
049 |a TXAI 
090 |a Q111  |b .H35  |a BD500 
099 |a fiche  |a C  |a 9399 no.356 
100 1 |a Wolff, Christian,  |c Freiherr von,  |d 1679-1754. 
245 1 0 |a Cosmologia generalis, methodo scientifica pertractata :  |b qua ad solidam, inprimis Dei atque naturæ cognitionem via sternitur /  |c auctore Christiano Wolfio. 
250 |a Editio novissima emendatior. 
264 1 |a Veronæ :  |b Apud haeredes Marci Moroni,  |c 1779. 
300 |a viii, 263 pages :  |b illustrations 
336 |a text  |b txt  |2 rdacontent 
337 |a microform  |b h  |2 rdamedia 
338 |a microfiche  |b he  |2 rdacarrier 
500 |a "Courtesy of the History of Science Collections, the University of Oklahoma." 
500 |a Original edition: Francofvrti & Lipsiae: Prostat in officina libraria Rengeriana, 1731. 
500 |a Vignette on title page; contains head- and tail-pieces. 
533 |a Microfiche.  |b New Canaan, Conn. :  |c Readex Microprint,  |d [1987]  |e 6 microfiches ; 11 x 15 cm.  |f (Landmarks II. Monographs) 
539 |a s  |b 1987  |d ctu  |e n 
500 |a Microform. 
650 0 |a Cosmology  |v Early works to 1800. 
830 0 |a Landmarks II Monographs. 
999 |a MARS 
999 f f |s 34071b24-2367-359f-a8ed-f5b1eed37b79  |i 88f1e438-beff-3614-b909-11ba77365bfe  |t 0 
952 f f |p normal  |a Texas A&M University  |b College Station  |c Sterling C. Evans Library  |d Evans: Microforms (3rd floor)  |t 0  |e fiche C 9399 no.356  |h Other scheme  |i microform -- microfiche  |m A14823172213 
998 f f |a fiche C 9399 no.356  |t 0  |l Evans: Microforms (3rd floor)